| 000 | 00640cam a2200193 a 4500 | ||
|---|---|---|---|
| 001 | 12904838 | ||
| 005 | 20250528152228.0 | ||
| 008 | 020723s2001 ne a b 000 0 eng d | ||
| 020 | _a9052600031 | ||
| 050 | 0 | 0 |
_aGT3289.G47 _bD4 2001 |
| 082 | 0 | 0 |
_a393/.9 _221 |
| 100 | 1 | _aWitte, Marleen de. | |
| 245 | 1 | 0 |
_aLong live the dead! : _bchanging funeral celebrations in Asante, Ghana / _cMarleen De Witte. |
| 260 |
_aAmsterdam : _bAksant Academic Publishers, _c2001. |
||
| 300 |
_ax, 213 p. : _bill. ; _c23 cm. |
||
| 650 | 0 |
_aFuneral rites and ceremonies _zGhana. |
|
| 650 | 0 |
_aAshanti (African people) _xRites and ceremonies. |
|
| 942 |
_2lcc _cBK _n0 |
||
| 999 |
_c6009 _d6009 |
||